01701cam a2200409 a 4500001000800000005001700008006001900025007001500044008004100059020001800100035002600118040002100144042000800165050002300173100002300196210002600219245011600245250001200361260003700373300003400410490002800444504005100472506004300523650004900566650003700615650002100652773001500673773003300688773003300721856011900754856010100873856011900974910003101093942001201124999001701136952013801153932027720170105102352.0m d cr n 111025s2012 flua sb 001 0 eng d a9781439820780 a(WaSeSS)ssj0000581134 aDLCcDLCdWaSeSS apcc 4aTK1005b.D374 20121 aDas, J. C.,d1934-10aPower system analysis10aPower system analysis : short-circuit load flow and harmonicsbshort-circuit load flow and harmonicscJ.C. Das. a2nd ed. aBoca Raton :bCRC Press,cc2012. axxvii, 1064 p.bill.;c25 cm.0 aPower engineering ;v33 aIncludes bibliographical references and index. aLicense restrictions may limit access. 0aElectric power systemsxMathematical models. 0aElectric power system stability. 0aSystem analysis. 0tENGnetBASE 0tELECTRICALENGINEERINGnetBASE 0tMECHANICALENGINEERINGnetBASE40uhttp://www.columbia.edu/cgi-bin/cul/resolve?clio9320277.001zFull text available from ELECTRICALENGINEERINGnetBASE40uhttp://www.columbia.edu/cgi-bin/cul/resolve?clio9320277.002zFull text available from ENGnetBASE40uhttp://www.columbia.edu/cgi-bin/cul/resolve?clio9320277.003zFull text available from MECHANICALENGINEERINGnetBASE aLibrary of Congress record 2ddccBK c11986d11986 001040708NFICaCLbCLcGENd2013-07-03eAllied Book Companyg15232.32l0o 621.310151 DASpSEECS012524r2025-12-08w2017-01-05yBK